Verejné obstarávanie nie je len pre veľkých

Pokračovanie článku z predchádzajúceho čísla o tom, čo robiť ak nespĺňame podmienky účasti na verejnom obstarávaní.

Gespeichert in:
Bibliographische Detailangaben
1. Verfasser: Líška, Juraj
Format: Buchkapitel
Sprache:Slowakisch
Schlagworte:
Tags: Tag hinzufügen
Keine Tags, Fügen Sie das erste Tag hinzu!

MARC

LEADER 00000naa a2200000 4500
001 0178512
005 20230912102339.3
041 0 |a slo 
044 |a SK 
245 1 0 |a Verejné obstarávanie nie je len pre veľkých  |c Juraj Líška 
520 |a Pokračovanie článku z predchádzajúceho čísla o tom, čo robiť ak nespĺňame podmienky účasti na verejnom obstarávaní. 
610 2 0 |a obstarávanie verejné 
610 2 0 |a súťaž hospodárska 
610 2 0 |a zákazky 
610 2 0 |a zmluvy 
610 2 0 |a ponuka 
610 2 0 |a podmienky obchodné 
610 2 0 |a dokumentácia 
100 1 |a Líška, Juraj